Detalles MARC
| 000 -LIDER |
| fixed length control field |
01289nam a2200337 4500 |
| 003 - IDENTIFICACDOR DE NÚMERO DE CONTROL |
| control field |
DO-SdBNP |
| 005 - DATE AND TIME OF LATEST TRANSACTION |
| control field |
20220718103455.0 |
| 008 - ELEMENTOS DE LONGITUD FIJA |
| fixed length control field |
120112s2006 ch a | |||| 000 0 spa |
| 020 ## - ISBN |
| International Standard Book Number |
9787802002333 |
| 040 ## - FUENTE DE CATALOGACIÓN |
| Agencia que crea de manera original el registro |
BPMSU |
| Idioma de catalogación |
spa |
| Agencia que realiza la transcripción |
BPMSU |
| Convenciones de la despripción |
|
| 041 17 - CÓDIGOS DE OBRAS TRADUCIDAS O EN VARIOS IDIOMAS |
| Código del idioma del texto/archivo de sonido o separata |
spa |
| -- |
chi |
| Cód. del idioma original y/o traducciones intermedias del texto |
|
| 082 ## - NÚMERO DE CLASIFICACIÓN DECIMAL DE DEWEY |
| Classification number |
306.08951 |
| Item number |
C753c 2006 |
| Edition number |
22 |
| 245 #0 - MENCIÓN DE TITULO |
| Título |
Conocimientos comunes de la cultura china = |
| Subtítulo |
中国文化常识 : 中俄对照 |
| 246 13 - VARIACION DEL TÍTULO |
| Título propiamente dicho o título corto |
Cultura china |
| 260 ## - PUBLICACIÓN, DISTRIBUCIÓN, ETC. (PIE DE IMPRENTA) |
| Lugar de publicación, distribución, etc |
[Beijing] : |
| Nombre del editor, distribuidor, etc. |
Oficina de Asuntos Chinos en el Extranjero del Consejo de Estado |
| Fecha de publicación, distribución, etc |
2006 |
| 300 ## - DESCRIPCIÓN FÍSICA |
| Extensión |
241 p. ; |
| Dimensiones |
24 cm |
| Otros detalles físicos |
|
| 337 ## - MEDIA TYPE |
| Source |
|
| 546 ## - NOTA DE IDIOMA |
| Nota de idioma |
Texto en español y en chino |
| 590 ## - NOTA LOCAL |
| Enlace |
Inventariado, 2022/VM |
| 650 #4 - ENCABEZAMIENTO DE MATERIA--TEMÁTICO |
| Término temático o nombre geográfico como elemento de entrada |
Cultura |
| Subdivisión geográfica |
China |
| 651 #4 - ENCABEZAMIENTO DE MATERIA--NOMBRE GEOGRÁFICO |
| Nombre geográfico |
China |
| Subdivisión temática general |
Vida social y costumbres |
| 710 2# - ASIENTO SECUNDARIO -- NOMBRE CORPORATIVO |
| Nombre corporativo o de jurisdicción |
Guo wu yuan qiao wu ban gong shi |
| 710 2# - ASIENTO SECUNDARIO -- NOMBRE CORPORATIVO |
| Nombre corporativo o de jurisdicción |
Oficina de Asuntos Chinos en el Extranjero del Consejo de Estado |
| 880 00 - ALTERNATE GRAPHIC REPRESENTATION |
| Linkage |
245-01/$1 |
| a |
Conocimientos comunes de la cultura china = |
| b |
中国文化常识 : (中西对照) / |
| c |
国务院侨务办公室, 国际汉语国际推广领导小组办公室 |
| 880 31 - ALTERNATE GRAPHIC REPRESENTATION |
| Linkage |
246-02/$1 |
| a |
中国文化常识 |
| 880 ## - ALTERNATE GRAPHIC REPRESENTATION |
| Linkage |
250-03/$1 |
| a |
第 1 版, 第 2 次印刷 |
| 880 ## - ALTERNATE GRAPHIC REPRESENTATION |
| Linkage |
260-04/$1 |
| a |
北京 : |
| b |
华语教学出版社, |
| c |
2009 |
| 910 ## - VALIDACIÓN |
| Validación |
VMateo V. |
| 942 ## - ADDED ENTRY ELEMENTS (KOHA) |
| Source of classification or shelving scheme |
Dewey Decimal Classification |
| Koha item type |
Libros |
| 956 ## - LOCAL ELECTRONIC LOCATION AND ACCESS (OCLC) |
| Nombre de host |
|